Mythologie grecque - les châtiments divins - Statistiques

Statistiques générales
  • Ce quiz a été pris 1 033 fois
  • Le résultat moyen est 6 sur 12
Statistiques - réponses
Question Reponse % Correct
condamné à porter le monde sur ses épaules pour toute l'éternité Atlas
94%
condamné à executer 12 travaux Héraclés
93%
elle ouvrit la fameuse boîte et laissa s'échapper tous les malheurs du monde Pandore
93%
sans pouvoir boire ni manger, supplice de ... Tantale
68%
chaque jour son foie était dévoré par un aigle et renaissait éternellement Promethee
66%
rouler éternellement un gros rocher rond au sommet d'une montagne Sisyphe
63%
condamnées à remplir éternellement des jarres percées - le tonneau des ... Danaides
49%
Zeus transforma ce roi d'Arcadie en loup Lycaon
21%
fut changé en cerf et dévoré par ses chiens Actéon
17%
attaché à une roue enflammée qui tournoierait sans cesse dans les Enfers. Ixion
15%
mort foudroyé pour avoir perdu le contrôle du char solaire de son père Phaéton
12%
ses enfants furent percés de flèches, et elle fut changée en une statue Niobé
7%
Aucun quiz correspondant
Distribution des résultats
% des personnes avec chaque résultat
Percentile par nombre de réponses
Votre historique - résultats
Vous n’avez pas pris ce quiz